[Event "61st World Juniors 2024"]
[Site "Gandhinagar IND"]
[Date "2024.06.13"]
[Round "11.7"]
[White "Domalchuk-Jonasson, Aleksandr"]
[Black "Grebnev, Aleksey"]
[Result "0-1"]
[WhiteTitle "IM"]
[BlackTitle "GM"]
[WhiteElo "2380"]
[BlackElo "2540"]
[WhiteFideId "14142805"]
[BlackFideId "34189030"]
[EventDate "2024.06.02"]

1. d4 Nf6 2. c4 e6 3. Nc3 Bb4 4. Qc2 h6 5. Nf3 c5 6. dxc5 Na6 7. a3 Bxc3+ 8.
Qxc3 Nxc5 9. b4 Nce4 10. Qd4 d6 11. Nd2 e5 12. Qd3 Bf5 13. Nxe4 Bxe4 14. Qg3 Bg6
15. Bb2 O-O 16. Qb3 Rc8 17. e3 Ne4 18. Be2 Qh4 19. O-O Nd2 20. Qa4 Nxf1 21. Bxf1
Qe7 22. Qxa7 Ra8 23. Qb6 Ra6 24. Qb5 Be4 25. c5 dxc5 26. Qxc5 Qxc5 27. bxc5 Re6
28. Bc3 Ra8 29. f3 Bc6 30. Bc4 Re7 31. e4 Kf8 32. Kf2 f6 33. Ke3 h5 34. h4 g6
35. Bd3 Rd7 36. Bb4 Rad8 37. Bc2 Rd4 38. Ra2 Kg7 39. Ra1 Kh6 40. g3 Rf8 41. Bd3
f5 42. Bc3 fxe4 43. Bxe4 Rc4 44. Bxe5 Bxe4 45. fxe4 Rxc5 46. Bd6 Rc3+ 47. Kd4
Rff3 48. Rb1 Rb3 49. Rxb3 Rxb3 50. Kd5 g5 51. Ke6 g4 52. Kf7 Rf3+ 53. Ke6 Kg6
54. a4 Re3 55. Kd5 Rd3+ 56. Kc5 Kf6 57. Bc7 Ke6 58. a5 Kd7 59. Bf4 Rf3 60. Bb8
Re3 61. Kd5 Ra3 62. Ke5 Rxg3 63. Kf4 Rf3+ 64. Kg5 g3 65. Kxh5 g2 66. Ba7 Ra3 67.
Kg4 Rxa5 68. Bf2 Ra1 0-1

[Event "61st World Juniors 2024"]
[Site "Gandhinagar IND"]
[Date "2024.06.13"]
[Round "11.8"]
[White "Pranav, Anand"]
[Black "Davtyan, Arsen"]
[Result "1-0"]
[WhiteTitle "GM"]
[BlackTitle "IM"]
[WhiteElo "2540"]
[BlackElo "2415"]
[WhiteFideId "46626786"]
[BlackFideId "13309315"]
[EventDate "2024.06.02"]

1. e4 e5 2. Nf3 Nc6 3. Bb5 a6 4. Ba4 Nf6 5. O-O b5 6. Bb3 Bc5 7. c3 d6 8. d4 Bb6
9. Be3 O-O 10. Nbd2 Re8 11. Re1 h6 12. h3 exd4 13. cxd4 Nb4 14. Qe2 c5 15. a3 c4
16. axb4 cxb3 17. Qd3 Nxe4 18. Bxh6 Nxf2 19. Kxf2 gxh6 20. Rxe8+ Qxe8 21. Re1
Qd8 22. Ne4 Bf5 23. Qxb3 Qe7 24. Qd5 Bxe4 25. Qxa8+ Bxa8 26. Rxe7 Bxf3 27. Kxf3
Bxd4 28. b3 Bc3 29. Ra7 Bxb4 30. Rxa6 Bc5 31. Ke4 Kg7 32. Kd5 Kf6 33. Ra5 b4 34.
Rxc5 dxc5 35. Kxc5 Ke5 36. Kxb4 Kf4 37. Kc3 Kg3 38. b4 Kxg2 39. b5 1-0

[Event "61st World Juniors 2024"]
[Site "Gandhinagar IND"]
[Date "2024.06.13"]
[Round "11.9"]
[White "Srihari, L"]
[Black "Avila Pavas, Santiago"]
[Result "0-1"]
[WhiteTitle "IM"]
[BlackTitle "GM"]
[WhiteElo "2400"]
[BlackElo "2495"]
[WhiteFideId "46642056"]
[BlackFideId "4437128"]
[EventDate "2024.06.02"]

1. e4 c5 2. Nf3 d6 3. d4 cxd4 4. Nxd4 Nf6 5. Nc3 g6 6. Be3 Nc6 7. f3 h5 8. Bc4
Bg7 9. Qd2 Bd7 10. O-O-O Na5 11. Be2 a6 12. h3 b5 13. g4 Rc8 14. g5 Nh7 15. Nd5
O-O 16. Nf5 Bxf5 17. Bb6 Qe8 18. exf5 Nc6 19. f4 Qd7 20. Bg4 gxf5 21. Bxh5 e6
22. Nf6+ Nxf6 23. gxf6 Bxf6 24. Bf3 Kh7 25. Qe2 Bg7 26. Bc5 d5 27. Rhg1 Rg8 28.
Qf2 Bh6 29. Bh5 Qc7 30. Kb1 Rxg1 31. Rxg1 Rg8 32. Rf1 Rg7 33. Bf8 Rg8 34. Bxh6
Kxh6 35. Be2 Qd8 36. Qc5 Qd7 37. Qc3 d4 38. Qf3 Rg6 39. Rd1 Qc7 40. Qf2 Kh7 41.
Bh5 Rg7 42. a3 Kg8 43. Rd2 b4 44. a4 b3 45. cxb3 a5 46. Bf3 Nb4 47. Qxd4 Kh7 48.
Bd1 Nd5 49. Bc2 Nb4 50. Qf2 Rg6 51. Qh4+ Kg7 52. Qf2 Qc6 53. Qd4+ Kh7 54. Qa7
Kh6 55. Qd4 Kh7 56. Qa7 Rg7 57. Qe3 Qh1+ 58. Rd1 Qh2 59. Qc5 Qxf4 60. Qxa5 Rg2
61. Qa7 Kg7 62. Rg1 Kf6 63. Qb6 Qd2 64. Rc1 Nxc2 65. Qc5 Nd4 66. Qc3 Qxc3 67.
Rxc3 f4 0-1

[Event "61st World Juniors 2024"]
[Site "Gandhinagar IND"]
[Date "2024.06.13"]
[Round "11.10"]
[White "Srihari, L R"]
[Black "Pham Tran Gia Phuc"]
[Result "1/2-1/2"]
[WhiteTitle "IM"]
[BlackTitle "FM"]
[WhiteElo "2495"]
[BlackElo "2444"]
[WhiteFideId "46617116"]
[BlackFideId "12415669"]
[EventDate "2024.06.02"]

1. Nf3 d5 2. c4 d4 3. b4 c5 4. e3 dxe3 5. fxe3 cxb4 6. d4 Nf6 7. Bd3 g6 8. O-O
Bg7 9. Bb2 O-O 10. Qe2 Nfd7 11. a3 bxa3 12. Bxa3 Nc6 13. Nc3 b6 14. Qf2 Bb7 15.
Qh4 e5 16. Bxf8 Qxh4 17. Nxh4 Rxf8 18. Ne2 a5 19. Be4 exd4 20. Bxc6 Bxc6 21.
exd4 Be4 22. Ra3 Rc8 23. Rc3 Bf8 24. Nf3 Bb4 25. Re3 f5 26. Rc1 a4 27. Kf1 Nf6
28. h3 Bf8 29. Rec3 Bb4 30. Re3 b5 31. cxb5 Rxc1+ 32. Nxc1 Nd5 33. Re2 a3 34.
Ne5 Nc3 35. Rxe4 fxe4 36. b6 e3 37. Nc4 e2+ 38. Kf2 Be7 39. Nxe2 Ne4+ 40. Kf3
Ng5+ 41. Ke3 a2 42. b7 a1=Q 43. b8=Q+ Kg7 44. Qc7 Kf8 45. Qc8+ Kg7 46. Qb7 Kf8
47. h4 Nf7 48. g3 Bf6 49. Qe4 Nh6 50. Kf2 Nf5 51. Ne5 Qa7 52. h5 Qe7 53. hxg6
Nxd4 54. Qa8+ Kg7 55. gxh7 Kxh7 56. Qe4+ Kg8 57. Qg6+ Qg7 58. Qe8+ Qf8 59. Qxf8+
Kxf8 60. Nd7+ Kf7 61. Nxd4 Bxd4+ 62. Kf3 Kg6 63. Nb8 Be5 64. Nc6 Bxg3 1/2-1/2

[Event "61st World Juniors 2024"]
[Site "Gandhinagar IND"]
[Date "2024.06.13"]
[Round "11.11"]
[White "Manish Anto, Cristiano F"]
[Black "Stribuk, Artiom"]
[Result "0-1"]
[WhiteTitle "IM"]
[BlackTitle "IM"]
[WhiteElo "2307"]
[BlackElo "2422"]
[WhiteFideId "25095927"]
[BlackFideId "13515659"]
[EventDate "2024.06.02"]

1. e4 c5 2. Nf3 d6 3. d4 cxd4 4. Nxd4 Nf6 5. Nc3 Nc6 6. Bg5 e6 7. Qd2 a6 8.
O-O-O Be7 9. Bxf6 gxf6 10. f4 Nxd4 11. Qxd4 Bd7 12. Be2 Qa5 13. Bf3 Qc5 14. Qd2
O-O-O 15. f5 h5 16. h4 Kb8 17. Qe2 b5 18. Qd2 Rc8 19. Kb1 Bc6 20. Rhe1 Bf8 21.
Ne2 Bb7 22. Qd3 e5 23. Ng3 Qf2 24. Nxh5 Qxh4 25. Rh1 Qg5 26. Qb3 d5 27. exd5 e4
28. Be2 Qxg2 29. Rhe1 Qg5 30. d6 Rxh5 31. Rg1 Qh4 32. Bxh5 Qxh5 33. Qg3 Rd8 34.
d7+ Ka8 35. Qf4 Bc5 36. Rh1 Qf3 37. Qc7 Be7 38. Rhf1 Qe2 39. b3 b4 40. Rfe1 Qb5
41. Rd6 Qe5 42. Red1 e3 43. R1d5 Qxd6 44. Rxd6 e2 45. Rxa6+ Bxa6 46. Qg3 Rxd7
47. Kb2 Bd6 48. Qg2+ Kb8 49. Qf2 Be5+ 0-1

[Event "61st World Juniors 2024"]
[Site "Gandhinagar IND"]
[Date "2024.06.13"]
[Round "11.12"]
[White "Ayush, Sharma"]
[Black "Dudin, Gleb"]
[Result "0-1"]
[WhiteTitle "IM"]
[BlackTitle "GM"]
[WhiteElo "2325"]
[BlackElo "2532"]
[WhiteFideId "45010943"]
[BlackFideId "34184934"]
[EventDate "2024.06.02"]

1. e4 c5 2. Nf3 d6 3. d4 cxd4 4. Nxd4 Nf6 5. Nc3 a6 6. Bd3 e5 7. Nde2 Be6 8. O-O
Nbd7 9. a4 Rc8 10. f4 Be7 11. f5 Bc4 12. b3 Qb6+ 13. Kh1 Bxd3 14. Qxd3 Nc5 15.
Be3 Nxd3 16. Bxb6 Nf4 17. Rxf4 exf4 18. Bd4 Nh5 19. Rd1 Bf6 20. Bxf6 Nxf6 21.
Rxd6 O-O 22. e5 Rfe8 23. exf6 Rxc3 24. h3 f3 25. gxf3 Rxc2 26. Ng1 gxf6 0-1

[Event "61st World Juniors 2024"]
[Site "Gandhinagar IND"]
[Date "2024.06.13"]
[Round "11.13"]
[White "Siddharth, Jagadeesh"]
[Black "Wafa, Hamed"]
[Result "1-0"]
[WhiteTitle "IM"]
[BlackTitle "IM"]
[WhiteElo "2525"]
[BlackElo "2396"]
[WhiteFideId "5818320"]
[BlackFideId "10628452"]
[EventDate "2024.06.02"]

1. e4 c5 2. Nf3 d6 3. d4 cxd4 4. Nxd4 Nf6 5. Nc3 Nc6 6. Bg5 e6 7. Qd2 a6 8.
O-O-O Bd7 9. Kb1 Nxd4 10. Qxd4 Be7 11. f3 Qc7 12. h4 b5 13. Qd2 b4 14. Ne2 a5
15. c4 bxc3 16. Nxc3 Qb7 17. g4 a4 18. a3 Rb8 19. Rh2 Bc6 20. Bc4 O-O 21. Ba2
Rfd8 22. Ne2 Bxe4+ 23. fxe4 Nxe4 24. Qb4 Qxb4 25. axb4 Nxg5 26. hxg5 Bxg5 27.
Nd4 Rb6 28. Bxe6 fxe6 29. Nxe6 Rxb4 30. Nxg5 Rxg4 31. Nxh7 d5 32. Rdh1 Rd6 33.
Rf1 Rd8 34. Rf5 d4 35. Rfh5 Rg1+ 36. Ka2 g6 37. Rg5 Rxg5 38. Nxg5 d3 39. Rd2 Rd5
40. Ne4 Kg7 41. Nf2 g5 42. Rxd3 Rf5 43. Nh3 Kg6 44. Rg3 Kh6 45. Nxg5 1-0

[Event "61st World Juniors 2024"]
[Site "Gandhinagar IND"]
[Date "2024.06.13"]
[Round "11.14"]
[White "Fromm, Marius"]
[Black "Bodrogi, Bendeguz"]
[Result "1/2-1/2"]
[WhiteTitle "IM"]
[BlackTitle "FM"]
[WhiteElo "2465"]
[BlackElo "2353"]
[WhiteFideId "12993190"]
[BlackFideId "790303"]
[EventDate "2024.06.02"]

1. e4 c6 2. d4 d5 3. exd5 cxd5 4. Bd3 Nf6 5. h3 Nc6 6. Nf3 Nb4 7. Nc3 e6 8. Bf4
a6 9. O-O Bd6 10. Bxd6 Qxd6 11. Re1 Nxd3 12. Qxd3 O-O 13. Ne2 Bd7 14. Ng3 b5 15.
a3 b4 16. axb4 Qxb4 17. Reb1 a5 18. Ne5 Bb5 19. Qe3 Rfc8 20. c3 Qd6 21. Ne2 a4
22. Nf4 Be8 23. Rc1 a3 24. bxa3 Rxa3 25. Rxa3 Qxa3 26. c4 Qxe3 1/2-1/2

[Event "61st World Juniors 2024"]
[Site "Gandhinagar IND"]
[Date "2024.06.13"]
[Round "11.15"]
[White "Lopez Rayo, Santiago"]
[Black "Ilamparthi, A R"]
[Result "1-0"]
[WhiteTitle "FM"]
[BlackTitle "IM"]
[WhiteElo "2277"]
[BlackElo "2446"]
[WhiteFideId "4455665"]
[BlackFideId "45015775"]
[EventDate "2024.06.02"]

1. e4 e5 2. Nf3 Nc6 3. Bb5 a6 4. Ba4 Nf6 5. O-O d6 6. Re1 Bd7 7. c3 g6 8. d4 Bg7
9. h3 O-O 10. Bc2 Nh5 11. Be3 Qe8 12. Nbd2 Kh8 13. a4 f5 14. dxe5 f4 15. Bd4
dxe5 16. Bc5 Rf6 17. Bb3 b6 18. Ba3 Na5 19. Bd5 Bxa4 20. b3 Bc6 21. c4 Bb7 22.
Bb2 Nc6 23. b4 Rd8 24. b5 axb5 25. cxb5 Na5 26. Bxe5 Bxd5 27. exd5 Qxb5 28. Bxf6
Nxf6 29. Ng5 Rxd5 30. Ne6 Qb2 31. Qc1 Rxd2 32. Qxc7 Ng8 33. Ra2 Qc3 34. Rxd2
Qxc7 35. Nxc7 Bc3 36. Red1 Bxd2 37. Rxd2 Nc6 38. Ne6 f3 39. gxf3 Nge7 40. Nd4
Nxd4 41. Rxd4 Kg7 42. Rb4 Nd5 43. Rb5 Nf4 44. Kh2 h5 45. h4 Ne6 46. Rxb6 Nd4 47.
Kg2 Nf5 48. Rb4 Kf6 49. Kf1 Ke5 50. Re4+ Kf6 51. Ra4 Ke5 52. Ke2 Nd4+ 53. Ke3
Nf5+ 54. Kd3 Kf6 55. Re4 Nd6 56. Kd4 Nf5+ 57. Kd5 Ng7 58. Ra4 Nf5 59. Rf4 g5 60.
hxg5+ Kxg5 61. Ke5 Nh6 62. Rc4 h4 63. f4+ Kh5 64. Ke4 h3 65. Kf3 h2 66. Kg2 Kg4
67. f5+ Kxf5 68. Kxh2 Nf7 69. Kg3 Ng5 70. Rc5+ Kf6 71. Ra5 Kg6 72. Kg4 Ne4 73.
Ra6+ Kf7 74. f4 Nf6+ 75. Kf5 Nd5 76. Ra7+ Kf8 77. Ke5 Ne7 78. Ke6 Nc6 79. Rc7
Nd8+ 80. Kf6 1-0

[Event "61st World Juniors 2024"]
[Site "Gandhinagar IND"]
[Date "2024.06.13"]
[Round "11.16"]
[White "Kanyamarala, Tarun"]
[Black "Prraneeth, Vuppala"]
[Result "1/2-1/2"]
[WhiteTitle "IM"]
[BlackTitle "GM"]
[WhiteElo "2333"]
[BlackElo "2436"]
[WhiteFideId "45004714"]
[BlackFideId "46622373"]
[EventDate "2024.06.02"]

1. d4 d5 2. c4 e6 3. Nc3 h6 4. Nf3 Nf6 5. g3 Bd6 6. Bg2 O-O 7. O-O Nc6 8. a3
dxc4 9. Qa4 a5 10. Qxc4 Qe7 11. Bf4 e5 12. dxe5 Nxe5 13. Nxe5 Bxe5 14. Bxe5 Qxe5
15. Rfd1 c6 16. Qd4 Qh5 17. Qb6 Qe5 18. Rac1 Nd7 19. Qd4 Qxd4 20. Rxd4 Nc5 21.
Rcd1 Be6 22. Ne4 Nxe4 23. Bxe4 Rfe8 24. Bf3 Kf8 25. R1d2 Ke7 26. Kf1 Rec8 27.
Bg4 f5 28. Bh3 Ra6 29. f4 c5 30. R4d3 c4 31. Re3 Rc5 32. Bg2 b5 33. Rd5 Rxd5 34.
Bxd5 Rd6 35. Bxe6 Rxe6 36. Rc3 Kd6 37. a4 Kd5 38. axb5 Rb6 39. Re3 Rxb5 40. Re5+
Kc6 41. Re6+ Kc5 42. Re5+ Kb4 43. Ke1 Rb7 44. Kd2 Kb3 45. Kc1 a4 46. Re3+ Kb4
47. Kc2 Ra7 48. Kd2 g5 49. fxg5 hxg5 50. h4 Rd7+ 51. Kc2 Rg7 1/2-1/2

[Event "61st World Juniors 2024"]
[Site "Gandhinagar IND"]
[Date "2024.06.13"]
[Round "11.17"]
[White "Shahil, Dey"]
[Black "Mayank, Chakraborty"]
[Result "1-0"]
[WhiteTitle "IM"]
[BlackTitle "IM"]
[WhiteElo "2332"]
[BlackElo "2425"]
[WhiteFideId "35062352"]
[BlackFideId "25659766"]
[EventDate "2024.06.02"]

1. c4 e5 2. g3 c6 3. Nf3 e4 4. Nd4 d5 5. cxd5 Qxd5 6. Nc2 Nf6 7. Nc3 Qe5 8. Ne3
Bc5 9. Bg2 O-O 10. O-O Na6 11. a3 h5 12. b4 Bd4 13. Nc2 Bxc3 14. dxc3 h4 15. Bf4
Qxc3 16. Rc1 hxg3 17. hxg3 Bg4 18. Ne3 Qxa3 19. Nxg4 Nxg4 20. Qd7 Nxf2 21. Kxf2
Qxb4 22. Rb1 Qc3 23. Qxb7 Nc5 24. Qb2 Qxb2 25. Rxb2 Rfe8 26. Rc1 Ne6 27. Rxc6
Nxf4 28. gxf4 a5 29. Rc4 f5 30. Rc5 g6 31. Ra2 a4 32. e3 Re7 33. Bf1 a3 34. Bc4+
Kg7 35. Bd5 Ra6 36. Rac2 Rea7 37. Ba2 Rb6 38. Kg3 Rb2 39. Rc7+ Rxc7 40. Rxc7+
Kh6 41. Bg8 g5 42. Rh7+ Kg6 43. Ra7 Rb1 44. Bh7+ Kf6 45. Ra6+ Ke7 46. Bxf5 Rb3
47. fxg5 Rxe3+ 48. Kf4 Rf3+ 49. Kxe4 Rg3 50. Kf4 Rc3 51. g6 1-0

[Event "61st World Juniors 2024"]
[Site "Gandhinagar IND"]
[Date "2024.06.13"]
[Round "11.18"]
[White "Vaz, Ethan"]
[Black "Koziorowicz, Michal"]
[Result "0-1"]
[WhiteTitle "IM"]
[BlackTitle "FM"]
[WhiteElo "2420"]
[BlackElo "2304"]
[WhiteFideId "25940783"]
[BlackFideId "21809194"]
[EventDate "2024.06.02"]

1. e4 e6 2. b3 d5 3. Bb2 Nf6 4. e5 Nfd7 5. d4 c5 6. c3 Nc6 7. Nf3 Be7 8. Bd3 O-O
9. O-O f6 10. Re1 fxe5 11. dxe5 c4 12. bxc4 dxc4 13. Bxc4 Ndxe5 14. Nxe5 Qxd1
15. Rxd1 Nxe5 16. Be2 Bc5 17. Rf1 Rd8 18. c4 Nc6 19. Bf3 Na5 20. Rc1 Bd7 21. Nd2
Rac8 22. Bc3 Nc6 23. Ne4 Nd4 24. Bd1 Ba3 25. Rcb1 Rxc4 26. Bb3 Ne2+ 27. Kh1 Rxe4
28. Bd2 Bc6 29. Be3 Nc3 30. Rg1 Bd5 31. Bc2 Rc4 32. Rae1 Bc5 33. Bg5 Rf8 34. Bb3
Bxf2 35. Bxc4 Bxc4 36. Rc1 Bxg1 37. Rxc3 Rf1 38. Rc1 Rxc1 39. Bxc1 Bf2 40. a3 e5
41. h3 e4 42. g4 Bf1 0-1

[Event "61st World Juniors 2024"]
[Site "Gandhinagar IND"]
[Date "2024.06.13"]
[Round "11.19"]
[White "Subelj, Jan"]
[Black "Pawar, Harshit"]
[Result "1-0"]
[WhiteTitle "GM"]
[WhiteElo "2514"]
[BlackElo "2132"]
[WhiteFideId "14618583"]
[BlackFideId "366130595"]
[EventDate "2024.06.02"]

1. Nf3 c6 2. g3 g6 3. Bg2 Bg7 4. d4 Nf6 5. O-O O-O 6. c4 d6 7. Nc3 Bf5 8. Nh4
Bc8 9. Nf3 Bf5 10. Nh4 Bc8 11. e4 e5 12. d5 cxd5 13. cxd5 Nbd7 14. h3 Ne8 15.
Qc2 Bf6 16. Nf3 Bg7 17. Bg5 f6 18. Be3 b6 19. Nh4 a5 20. a3 Nc5 21. b4 Na6 22.
Na4 Rb8 23. Bxb6 Qe7 24. Bxa5 Qa7 25. Nb6 Nec7 26. Nxc8 Rfxc8 27. Qd3 Bh6 28.
Qf3 Nb5 29. Qxf6 Rf8 30. Qe6+ Kh8 31. a4 Rbe8 32. Nxg6+ hxg6 33. Qxg6 Be3 34.
fxe3 Qxe3+ 35. Kh2 Nc3 36. Rf6 1-0

[Event "61st World Juniors 2024"]
[Site "Gandhinagar IND"]
[Date "2024.06.13"]
[Round "11.21"]
[White "Bharadia Yash"]
[Black "De Silva, L M S T"]
[Result "0-1"]
[WhiteTitle "CM"]
[BlackTitle "IM"]
[WhiteElo "2100"]
[BlackElo "2364"]
[WhiteFideId "45087822"]
[BlackFideId "9953698"]
[EventDate "2024.06.02"]

1. e4 e5 2. Nf3 Nc6 3. Bb5 a6 4. Ba4 Nf6 5. O-O b5 6. Bb3 Bb7 7. Re1 Bc5 8. c3
d6 9. d4 Bb6 10. Be3 O-O 11. Nbd2 h6 12. h3 exd4 13. cxd4 Nb4 14. Qe2 c5 15. a3
Nc6 16. d5 Ne7 17. Bc2 Ng6 18. b3 Re8 19. a4 bxa4 20. bxa4 Ba5 21. Reb1 Bc8 22.
Bd3 Nh5 23. g3 Bxh3 24. Bxa6 Nf6 25. Bb7 Ra7 26. Qd3 Nxe4 27. Bc6 Nxd2 28. Bxd2
Bd7 29. Qb5 Bxc6 30. dxc6 Qc7 31. Bxa5 Rxa5 32. Qb6 Rc8 33. Nd2 Ne5 34. Ne4 Qxb6
35. Rxb6 Nc4 36. Rb7 Rxc6 37. Nc3 Rb6 38. Rc7 Rb3 39. Nd5 Ne5 40. Kg2 Rb2 41.
Ra3 c4 42. Ne3 d5 43. Rc8+ Kh7 44. Rd8 Rd2 45. Re8 Nd3 46. Kg1 Nxf2 47. Re7 Nh3+
48. Kf1 c3 49. Rxf7 d4 0-1

[Event "61st World Juniors 2024"]
[Site "Gandhinagar IND"]
[Date "2024.06.13"]
[Round "11.22"]
[White "Nandish V S"]
[Black "Sanket, Chakravarty"]
[Result "0-1"]
[BlackTitle "IM"]
[WhiteElo "1981"]
[BlackElo "2357"]
[WhiteFideId "45084297"]
[BlackFideId "25032038"]
[EventDate "2024.06.02"]

1. d4 Nf6 2. c4 e6 3. Nc3 Bb4 4. e3 O-O 5. Ne2 c6 6. a3 Ba5 7. Ng3 d5 8. Qc2
Nbd7 9. Bd3 dxc4 10. Bxc4 e5 11. O-O exd4 12. exd4 Nb6 13. Ba2 Nbd5 14. Bg5 h6
15. Bxf6 Nxf6 16. Rad1 Bxc3 17. Qxc3 Nd5 18. Qc2 Be6 19. Bb1 g6 20. Qd2 Kg7 21.
Rde1 Re8 22. f4 Bd7 23. Ba2 Rxe1 24. Rxe1 Qf6 25. Bxd5 cxd5 26. Re5 Qc6 27. h3
Rc8 28. Kh2 Qc1 29. Re2 Bb5 30. Rf2 Qxd2 31. Rxd2 Re8 32. Nh1 h5 33. g3 Bc4 34.
Nf2 Re3 35. Kg2 b5 36. Nd1 Rb3 37. h4 Kf6 38. Nf2 Kf5 39. Kh2 a5 40. Kg2 b4 41.
axb4 axb4 42. Kh2 Re3 43. Kg2 Be2 44. Kh2 b3 45. Kh3 Bg4+ 46. Kh2 Bf3 47. Rd3
Rxd3 48. Nxd3 Ke4 49. Ne5 f6 50. Nxg6 Kxd4 51. Kg1 Ke3 52. Ne7 Be4 53. g4 d4 54.
g5 d3 55. gxf6 d2 56. f7 d1=Q+ 57. Kh2 Qh1+ 58. Kg3 Qg2# 0-1

[Event "61st World Juniors 2024"]
[Site "Gandhinagar IND"]
[Date "2024.06.13"]
[Round "11.23"]
[White "Aswath, S"]
[Black "Sushanth, Kamabathula"]
[Result "1-0"]
[WhiteTitle "IM"]
[WhiteElo "2352"]
[BlackElo "2131"]
[WhiteFideId "46694919"]
[BlackFideId "25712667"]
[EventDate "2024.06.02"]

1. d4 Nf6 2. c4 g6 3. g3 Bg7 4. Bg2 O-O 5. Nc3 d6 6. Nf3 c5 7. O-O Nc6 8. dxc5
dxc5 9. Bf4 Nh5 10. Be3 b6 11. Qc1 Bb7 12. Bh6 Qe8 13. Nd5 Rd8 14. Rd1 Bxh6 15.
Qxh6 f6 16. Nc7 Rxd1+ 17. Rxd1 Qc8 18. Nd5 Rd8 19. g4 Ng7 20. Rd3 Qe6 21. Qf4
Kh8 22. Re3 Qd7 23. h4 Ne6 24. Qh6 Ned4 25. Nf4 Qxg4 26. Nh2 Qf5 27. Be4 Ne5 28.
Bxf5 Nxf5 29. Nxg6+ Nxg6 30. Qh5 Nxe3 31. fxe3 Rg8 32. Kf2 Ne5 33. Nf3 Ng4+ 34.
Ke1 Nxe3 35. Qf7 Bxf3 36. exf3 Nf5 37. Kf2 h6 38. Qh5 e6 39. Qf7 Rg7 40. Qxe6
Nxh4 41. Qxf6 Ng6 42. f4 Kh7 43. a3 Nh8 44. Qf5+ Kg8 45. Qe6+ Kh7 46. b4 Rf7 47.
Kf3 Kg7 48. Qe5+ Rf6 49. Qb8 Rf7 50. bxc5 bxc5 51. Qe5+ Kg8 52. Qd6 Kg7 53. Kg4
Ng6 54. f5 Nf8 55. Qxc5 Nd7 56. Qd6 Nf6+ 57. Kh4 Rd7 58. Qe5 Kf7 59. Qe6+ Kg7
60. c5 Rd4+ 61. Kh3 Re4 62. Qd6 h5 63. c6 Re3+ 64. Kg2 h4 65. c7 h3+ 66. Kg1 Ng4
67. Qg6+ Kh8 68. c8=Q+ Re8 69. Qcxe8# 1-0

[Event "61st World Juniors 2024"]
[Site "Gandhinagar IND"]
[Date "2024.06.13"]
[Round "11.24"]
[White "Adireddy, Arjun"]
[Black "Jihan Tejas Shah"]
[Result "1/2-1/2"]
[WhiteTitle "FM"]
[WhiteElo "2306"]
[BlackElo "1956"]
[WhiteFideId "25647709"]
[BlackFideId "33370109"]
[EventDate "2024.06.02"]

1. e4 c5 2. Nf3 Nc6 3. d4 cxd4 4. Nxd4 g6 5. c4 Bg7 6. Be3 Qb6 7. Nb5 Qa5+ 8.
N5c3 d6 9. Be2 Qb4 10. Qd2 Nf6 11. f3 O-O 12. O-O Be6 13. a3 Qa5 14. Ra2 Rfc8
15. b3 a6 16. Rc2 Nd7 17. b4 Qd8 18. Nd5 f5 19. Nf4 Bf7 20. Nh3 Kh8 21. Ng5 Bg8
22. exf5 gxf5 23. f4 Nf6 24. h3 h6 25. Nf3 Ne4 26. Qe1 d5 27. cxd5 Bxd5 28. Nbd2
e6 29. Nc4 Ne7 30. Nce5 Qe8 31. Rxc8 Rxc8 32. Bd4 Rc2 33. Bd3 Ra2 34. Qc1 Nc6
35. Bb2 Nxe5 36. Nxe5 Bxe5 37. fxe5 Qg6 38. Bxe4 Bxe4 39. Rf2 Kh7 40. Kh2 Qg7
41. Qf4 Qg5 42. Qg3 Qxg3+ 43. Kxg3 Kg6 44. Kf4 Bd5 45. g4 fxg4 46. hxg4 h5 47.
g5 Bc4 48. Rh2 Bd5 1/2-1/2

[Event "61st World Juniors 2024"]
[Site "Gandhinagar IND"]
[Date "2024.06.13"]
[Round "11.25"]
[White "Harshad, S"]
[Black "Halynyazov, Vepaly"]
[Result "1-0"]
[WhiteTitle "FM"]
[WhiteElo "2272"]
[BlackElo "2058"]
[WhiteFideId "46616551"]
[BlackFideId "14004020"]
[EventDate "2024.06.02"]

1. e4 e6 2. d4 d5 3. e5 c5 4. c3 Qb6 5. Nf3 Nc6 6. a3 Bd7 7. Be2 Rc8 8. b4 cxd4
9. cxd4 Nge7 10. O-O Nf5 11. Bb2 Be7 12. Bd3 O-O 13. Bxf5 exf5 14. Nc3 Be6 15.
Qd3 Qd8 16. Rac1 Qd7 17. Nd2 b6 18. f4 a5 19. bxa5 Nxa5 20. Qb5 Qxb5 21. Nxb5
Nc4 22. Nxc4 dxc4 23. Nc3 Rfd8 24. Rfd1 Bd5 25. Rb1 Ra8 26. Bc1 Bxa3 27. Rxb6
Bxc1 28. Rxc1 Be6 29. Nb5 g5 30. fxg5 Ra2 31. Rd6 Rb8 32. Nc3 Rd2 33. d5 Bc8 34.
Rd8+ Kg7 35. Kh1 Rb3 36. h4 Bb7 37. Rd7 Rxc3 38. Rxc3 Bxd5 39. Rd6 Bxg2+ 40. Kg1
Re2 41. h5 f4 42. h6+ Kf8 43. Rxc4 Bh3 44. Rc7 Ke8 45. Rb6 Bd7 46. e6 Rxe6 47.
Rxe6+ Bxe6 48. g6 fxg6 49. Rxh7 Kf8 50. Rh8+ Kf7 51. Rb8 1-0

[Event "61st World Juniors 2024"]
[Site "Gandhinagar IND"]
[Date "2024.06.13"]
[Round "11.28"]
[White "Fecker, Noah"]
[Black "Alekhya, Mukhopadhyay"]
[Result "1/2-1/2"]
[WhiteTitle "FM"]
[WhiteElo "2390"]
[BlackElo "2130"]
[WhiteFideId "1334263"]
[BlackFideId "25600826"]
[EventDate "2024.06.02"]

1. e4 c5 2. Nf3 e6 3. d4 cxd4 4. Nxd4 a6 5. Bd3 Nf6 6. O-O Qc7 7. Qe2 d6 8. c4
g6 9. Nc3 Bg7 10. Be3 O-O 11. Rac1 Nc6 12. Nxc6 bxc6 13. b4 Nd7 14. Rfd1 c5 15.
a3 Rb8 16. Qd2 Ne5 17. b5 Ng4 18. Bf4 Bd4 19. Bg3 f5 20. exf5 gxf5 21. Ne2 Be5
22. Bxe5 dxe5 23. f3 Nf6 24. Nc3 Bb7 25. bxa6 Bxa6 26. Nb5 Qe7 27. Be2 Rfd8 28.
Qe3 e4 29. a4 Bb7 30. f4 Ra8 31. Rxd8+ Rxd8 32. h3 Nd7 33. Rd1 Ra8 34. a5 Nf8
35. Ra1 Ng6 36. Kh2 e5 37. g3 exf4 38. gxf4 Qh4 39. Nd6 Bc6 40. Nxf5 Qf6 41.
Nh6+ Kg7 42. Rg1 Kxh6 43. f5+ Kg7 44. fxg6 Qe5+ 45. Qg3 1/2-1/2

[Event "61st World Juniors 2024"]
[Site "Gandhinagar IND"]
[Date "2024.06.13"]
[Round "11.29"]
[White "Panda, Sambit"]
[Black "Bhoir Paras Dilip"]
[Result "1-0"]
[WhiteTitle "IM"]
[WhiteElo "2363"]
[BlackElo "2016"]
[WhiteFideId "25091794"]
[BlackFideId "25763695"]
[EventDate "2024.06.02"]

1. d4 d5 2. c4 e6 3. Nf3 Nf6 4. e3 c6 5. Nbd2 Nbd7 6. b3 Bd6 7. Bb2 b6 8. Bd3
Bb7 9. e4 dxe4 10. Nxe4 Nxe4 11. Bxe4 Nf6 12. Bc2 c5 13. Qd3 cxd4 14. O-O-O Qe7
15. Nxd4 Be4 16. Qe2 Bxc2 17. Kxc2 Ba3 18. Ba1 O-O 19. Rd3 Rac8 20. Rg3 Bd6 21.
f4 Rfd8 22. Qf3 Qd7 23. Nc6 Kf8 24. Nxd8 Rxd8 25. Rd1 Qc7 26. Rxg7 Kxg7 27. Qg4+
Kf8 28. Bxf6 Rc8 29. Qg7+ Ke8 30. Be5 Bxe5 31. fxe5 Qe7 32. Qxh7 b5 33. Qh8+ Qf8
34. Qxf8+ Kxf8 35. Kc3 Rc5 36. Kb4 Rxe5 37. c5 Ke7 38. c6 Re2 39. Rd7+ Ke8 40.
Rxa7 Rxg2 41. Ra8+ Ke7 42. c7 Rc2 43. c8=Q Rxc8 44. Rxc8 f5 45. Kxb5 f4 46. Kc4
Kd7 47. Rf8 e5 48. Kd5 Ke7 49. Rf5 f3 50. Kxe5 f2 51. Rxf2 Kd7 52. h4 Kc6 53. h5
Kc5 54. h6 Kb4 55. h7 Kc3 56. h8=Q Kd3 57. Qh3# 1-0